01115nam a2200193Ia 4500001001100000003001000011008004100021040002500062041001200087100002700099245004800126250001100174260006300185300001200248500026200260501011400522520026200636650002300898A870-35481IT-CnALBA170116s9999||||xx |||||||||||||| ||und|| aIT-CnALBAcIT-CnALBA aLATINO  aVALERIO MASSIMO, POETA 0aDICTORUM FACTORUMQUE MEMORABILIUM LIBRI X.  a1a ed. a TObHAEREDES TARINI JO. DOM. (APUD) c1629 [1° Ed.:1629] a607 p.  aRACCOLTA DI SCRITTI MORALI. TEMI VARI. DE RELIGIONE. RELIGIONE. DE MIRACULIS. EVENTI STRAORDINARI. DE RITU MATRIMONIORUM, RITI DEL MATRIMONIO. DE IURE TRIUMPHI, DIRITTO DI TRIONFO. DE FELICITATE, LA FELICITÀ. DE CUPIDITATE GLORIAE, DESIDERIO DELLA GLORIA. aSocietà San Paolo EM - Piazza San Paolo, 14 - 12051 ALBA (CN) (non commercial uses only) ® Copyright 2017 aRACCOLTA DI SCRITTI MORALI. TEMI VARI. DE RELIGIONE. RELIGIONE. DE MIRACULIS. EVENTI STRAORDINARI. DE RITU MATRIMONIORUM, RITI DEL MATRIMONIO. DE IURE TRIUMPHI, DIRITTO DI TRIONFO. DE FELICITATE, LA FELICITÀ. DE CUPIDITATE GLORIAE, DESIDERIO DELLA GLORIA. aLETTERATURA LATINA